| 000 | 01139nam a22001577a 4500 | ||
|---|---|---|---|
| 999 |
_c517386 _d517386 |
||
| 008 | 210712b ||||| |||| 00| 0 eng d | ||
| 100 |
_aMenon, Nikhil _926588 |
||
| 245 | _aGandhi’s spinning wheel: The charkha and Its regenerative effects | ||
| 260 | _aJournal of The History of Ideas | ||
| 300 | _a81(4), Oct, 2020: 643-662 | ||
| 520 | _aThis essay interrogates the role of the charkha (spinning wheel) in Mohandas Gandhi’s thought. It argues that spinning deserves to be recognized as belonging in the realm of other high concepts and practices, such as non-violence, that have garnered much more academic attention. The article explores the centrality of the charkha to Gandhi’s ideology, emphasizing underappreciated facets such as its physical, moral, and spiritual effects. Finally, it argues that the versatility of the spinning wheel to Gandhi offers insights into how he conceived of and negotiated the relationship between means and ends in his philosophy. – Reproduced | ||
| 650 |
_aSpinning wheel, History - India _926589 |
||
| 773 | _aJournal of The History of Ideas | ||
| 906 | _aGANDHI, M.K. | ||
| 942 | _cAR | ||